LIBRARY & INFORMATION CENTRE, KCAET, TAVANUR

ONLINE PUBLIC ACCESS CATALOGUE (OPAC)

Short Modern Plays / (Record no. 4155)

MARC details
000 -LEADER
fixed length control field 00260cam a2200109ua 4500
082 ## - DEWEY DECIMAL CLASSIFICATION NUMBER
Classification number 822
Item number RAM/SH
100 ## - MAIN ENTRY--AUTHOR NAME
Personal name Ramaswami, S .
245 ## - TITLE STATEMENT
Title Short Modern Plays /
260 ## - PUBLICATION, DISTRIBUTION, ETC. (IMPRINT)
Place of publication Cochin :
Name of publisher Paico Publishing House ,
Year of publication 1972.
300 ## - PHYSICAL DESCRIPTION
Number of Pages 123 ; .
942 ## - ADDED ENTRY ELEMENTS (KOHA)
Koha item type Books
Holdings
Withdrawn status Lost status Damaged status Home library Current library Date acquired Full call number Accession Number Koha item type
Withdrawn   Damaged KAUAET KAUAET 07/04/2012 822 13291 Books
Withdrawn     KAUAET KAUAET 08/10/2021 822 RAM/SH 13292 Books
Withdrawn     KAUAET Sanskrit University 07/04/2012 822 13290 Books
Withdrawn     KAUAET Sanskrit University 07/04/2012 822 13320 Books
free website counter